Photoshop elements 2020 For dummies / (Record no. 36555)

MARC details
000 -LEADER
fixed length control field 00497nam a22001817a 4500
005 - DATE AND TIME OF LATEST TRANSACTION
control field 20240909150323.0
008 - FIXED-LENGTH DATA ELEMENTS--GENERAL INFORMATION
fixed length control field 240909b |||||||| |||| 00| 0 eng d
020 ## - INTERNATIONAL STANDARD BOOK NUMBER
ISBN 9781119605515
082 ## - DEWEY DECIMAL CLASSIFICATION NUMBER
Classification number 006.686
Item number OBE-P
100 ## - MAIN ENTRY--AUTHOR
Author Name Obermeier, Barbara
245 ## - TITLE STATEMENT
Title Photoshop elements 2020 For dummies /
Statement of responsibility, etc. Ted Padova
260 ## - PUBLICATION, DISTRIBUTION, ETC.
Place of Publication USA:
Name of publisher, distributor, etc. Pearson;
Date of publication, distribution, etc. 2020.
300 ## - PHYSICAL DESCRIPTION
Pages xiv, 400 p. :
500 ## - GENERAL NOTE
General note include index.
650 ## - SUBJECT ADDED ENTRY--TOPICAL TERM
Subject / Department Mobile Application
700 ## - ADDED ENTRY--PERSONAL NAME
Personal name Ted Padova
300 ## - PHYSICAL DESCRIPTION
-- ill;
-- 24 cm.
952 ## - LOCATION AND ITEM INFORMATION (KOHA)
-- 0
-- 0
Holdings
Lost status Damaged status Collection code Permanent Location Current Location Shelving Location Date acquired Full Call Number Accession No./Barcode Date last seen item type Koha item type
    CS/IT Superior Information Resource Center (SIRC) Superior University- Gold Campus Superior Information Resource Center (SIRC) Superior University- Gold Campus Information technology 09/09/2024 006.686 PAD-P 2020 18208 09/09/2024 BOOK BOOK

Powered by Koha